Simulation of CDMA Forward and Reverse Channels on PC (Record no. 327407)

000 -LEADER
fixed length control field 00342 a2200121 4500
001 - CONTROL NUMBER
control field 92334
082 ## - DEWEY DECIMAL CLASSIFICATION NUMBER
Classification number PR 2386
090 ## - LOCALLY ASSIGNED LC-TYPE CALL NUMBER (OCLC); LOCAL CALL NUMBER (RLIN)
-- 44291
-- 44292
100 ## - MAIN ENTRY--PERSONAL NAME
Personal name Haibat Khan; Prof Muhammad Zahid (Advisor)
245 ## - TITLE STATEMENT
Title Simulation of CDMA Forward and Reverse Channels on PC
Number of part/section of a work 60'B' EC
260 ## - PUBLICATION, DISTRIBUTION, ETC.
Place of publication, distribution, etc. Islamabad
Name of publisher, distributor, etc. NUST
Date of publication, distribution, etc. 2005
500 ## - GENERAL NOTE
General note BE Project Report
942 ## - ADDED ENTRY ELEMENTS (KOHA)
Institution code [OBSOLETE] CAE NUST
Call number prefix PR 2386
Holdings
Withdrawn status Lost status Damaged status Not for loan Collection code Permanent Location Current Location Date acquired Total Checkouts Full call number Barcode Date last seen Price effective from Koha item type
          College of Aeronautical Engineering (CAE) College of Aeronautical Engineering (CAE) 04/03/2017   PR 2386 CAEPR-2386 04/05/2017 04/05/2017 Book
© 2023 Central Library, National University of Sciences and Technology. All Rights Reserved.